Dere-Dere quiz Stats

 Plays Quiz not verified by Sporcle

Challenge
Share
Tweet
Embed
Score 0/10 Timer 05:00
0 Plays Today
Description Answer % Correct
crazy about someone else...often literally and violently.Yandere
97.3%
initially cold and even hostile towards another person before gradually showing their warm side over time.Tsundere
96.6%
cold, blunt, cynical, and pretty much doesn't care if her beloved dies. That's what she is on the outside but she is actually caring and nice on the inside.Kuudere
85.4%
She doesn’t speak at all mostly, but when there’s no one else but you two, she would be sweet to you.Dandere
68.4%
a girl that is similar to the 1st and 4th answers, but too princess-like to fit into either categoryHimedere
61.5%
the word the lead character in 'Kyouran Kazoku Nikki' used to describe herself, since she was a 'goddess'Kamidere
49.3%
This type of a dere is dangerous and scary. Think of a heroine that started as a villain trying to kill the protagonist but then switched to his side after falling in love with himMayadere
28.1%
this type of girl usually agrees with whatever you say in order to get much intimacy as much as she could.Undere
26%
But what if she is so cool rather than cold? And what if such an emotionless girl fawns upon you when she bursts into tears? Coodere
24%
girl that believes her master deserves a harem, and goes and forcefully abducts girls for him to impregnate/rape.Goudere
15.5%

You're not logged in!

Compare scores with friends on all Sporcle quizzes.
Join for Free
OR
Log In

You Might Also Like...

Show Comments

Extras

Created May 12, 2014ReportNominate
Tags:Anime Quiz

Top Quizzes Today


Score Distribution

Your Account Isn't Verified!

In order to create a playlist on Sporcle, you need to verify the email address you used during registration. Go to your Sporcle Settings to finish the process.

Report this User

Report this user for behavior that violates our Community Guidelines.

Details: